Genre moi si tu peux n°1 - Statistiques

Statistiques générales
  • Ce quiz a été pris 86 fois
  • Le résultat moyen est 5 sur 10
Statistiques - réponses
Question Réponse % Correct
Intervalle Masculin
72%
Hémisphère Masculin
72%
Orgue Masculin
63%
Météore Masculin
63%
Equinoxe Masculin
58%
Orque Féminin
56%
Haltère Masculin
47%
Pistille Féminin
27%
Ecritoire Féminin
20%
Effluve Masculin
20%
Aucun quiz correspondant
Distribution des résultats
% des personnes avec chaque résultat
Percentile par nombre de réponses
Votre historique - résultats
Vous n’avez pas pris ce quiz